Normal view
MARC view
Entry Personal Name
001 - CONTROL NUMBER
- control field: 9309
003 - CONTROL NUMBER IDENTIFIER
- control field: ARRUPE
005 - DATE AND TIME OF LATEST TRANSACTION
- control field: 20140325170112.0
008 - FIXED-LENGTH DATA ELEMENTS
- fixed length control field: 140325|| aca||aabn | a|a d
040 ## - CATALOGING SOURCE
- Original cataloging agency: ARRUPE
- Transcribing agency: ARRUPE
100 ## - HEADING--PERSONAL NAME
- Personal name:
- General subdivision: Cathoic Church-Doctrines
- General subdivision: Economics-Religious aspects-Catholic Church
- General subdivision: Christian sociology-Catholic Church
- General subdivision: Economic Condition
- Chronological subdivision: 1981-2001
- Geographic subdivision: United States
670 ## - SOURCE DATA FOUND
- Source citation: Work cat.: (ARRUPE)22701: NCCB 9308, Economic justice for all